000
00273nam a22001337a 4500
008
170622b xxu||||| |||| 00| 0 eng d
020
_a
9780130510273
041
_a
eng
080
_a
32
100
_a
21
101
_a
SHP
245
_a
CIVICS
_c
FERNLUND
942
_2
udc
_c
BK
999
_c
18779
_d
18779